Encyclopedia metódica. (Registro nro. 76897)

Detalles MARC
000 -ENCABEZADO
Número de control [NR] 01810nam a2200289Ia 4500
005 - FECHA Y HORA DE LA ÚLTIMA TRANSACCIÓN
control field 20200924105440.0
008 - DE LONGITUD FIJA DE DATOS DE ELEMENTOS - INFORMACIÓN GENERAL
Elementos de longitud fija [NR] 130821s1791 sp a frdd spa
040 ## - FUENTE DE CATALOGACION [NR]
Agencia de catalogación original [NR] Co-BoUCM
Idioma de catalogación [NR] spa
Quien Cataloga Sandra Yazo
Quien Clasifica Sandra Yazo
041 0# - CODIGO DE IDIOMA [R]
Código de idioma para texto/pista de sonido o título separado [R] Español
082 04 - NUMERO DE CLASIFICACION DECIMAL DEWEY [R]
Número de clasificación [R] R796
Número de la edición [NR] 20
092 ## - SIGNATURA TOPOGRAFICA LOCAL
Número de clasificación local E15N060
245 00 - MENCION DE TITULO [NR]
Título [NR] Encyclopedia metódica.
Parte restante del título [NR] Artes académicos
Mención de responsabilidad, etc. [NR] traducido del francés al castellano a saber, el arte de la equitación por don Baltasar de Irurzun; y el del bayle, de esgrima y de nadar, por don Gregorio Sanz.
260 ## - PUBLICACION, DISTRIBUCION, ETC. (PIE DE IMPRENTA) [R]
Lugar de publicación, distribución, etc. [R] Madrid (España)
Nombre del editor, distribuidor, etc. [R] Imprenta de Sancha
Fecha de publicación, distribución, etc. [R] 1791
300 ## - DESCRIPCION FISICA [R]
Extensión [R] [[6] ; 546, [4] páginas
Otros detalles físicos [NR] ilustraciones
490 ## - MENCION DE SERIE [R]
Mención de serie [R] Encyclopedia metódica, dispuesta por orden de materias.
500 ## - NOTA GENERAL [R]
Nota general [NR] Detalles físicos: Encuadernación rígida en cartón forrada en cuero café, lomo con decoración en dorado, figuras repujadas entre las nervaduras que sobresalientes. Conserva guardas en papel de agua, anteportada y portada impresa a una sola tinta
505 0# - NOTA DE CONTENIDO CON FORMATO PREESTABLECIDO [R]
Nota de contenido con formato preestablecido [NR] Arte de equitación: Términos desde la ABA hasta la CAZ. ; Apéndice o suplemento a la palabra caballeriza. -- Arte bailar: Términos desde la ABA hasta la BAR. -- Arte de nadar de su utilidad: Términos desde la A hasta la ART.
506 ## - NOTA DE RESTRICCIONES DE ACCESO [R]
Condiciones de acceso [NR] Consulta en sala
650 #7 - ASIENTO SECUNDARIO DE MATERIA - TERMINO TEMATICO [R]
Término temático o nombre geográfico como elemento de entrada [NR] Artes
Subdivisión de forma [R] Enciclopedias
9 (RLIN) 9547
650 #7 - ASIENTO SECUNDARIO DE MATERIA - TERMINO TEMATICO [R]
Término temático o nombre geográfico como elemento de entrada [NR] Deportes
Subdivisión de forma [R] Enciclopedias
9 (RLIN) 388
650 #7 - ASIENTO SECUNDARIO DE MATERIA - TERMINO TEMATICO [R]
Término temático o nombre geográfico como elemento de entrada [NR] Enciclopedias y diccionarios
9 (RLIN) 14174
690 #7 - ASUNTO AGREGADO LOCAL DE ENTRADA - TÉRMINO TEMÁTICO (OCLC, RLIN)
Acceso temático local Enciclopedias y diccionarios
9 (RLIN) 14174
700 1# - ASIENTO SECUNDARIO - NOMBRE PERSONAL [R]
Nombre personal [NR] Irurzun, Baltasar de
9 (RLIN) 101193
700 1# - ASIENTO SECUNDARIO - NOMBRE PERSONAL [R]
Nombre personal [NR] Sanz, Gregorio
9 (RLIN) 101194
856 41 - LOCALIZACION Y ACCESO ELECTRONICOS [R]
Nota dirigida al público [R] Disponible en línea
Identificador Uniforme del Recurso (“URI”) [R] <a href="http://books.google.com/books?id=UF1DmgV167cC&printsec=frontcover&dq=encyclopedia+metodica&hl=es&ei=r57PTtLrK6Pf0QHj-4g2&sa=X&oi=book_result&ct=result&resnum=6&ved=0CEQQ6AEwBQ#v=onepage&q=encyclopedia%20metodica&f=false">http://books.google.com/books?id=UF1DmgV167cC&printsec=frontcover&dq=encyclopedia+metodica&hl=es&ei=r57PTtLrK6Pf0QHj-4g2&sa=X&oi=book_result&ct=result&resnum=6&ved=0CEQQ6AEwBQ#v=onepage&q=encyclopedia%20metodica&f=false</a>
942 ## - ELEMENTOS DE ENTRADA AGREGADOS (KOHA)
Tipo de ítem principal el descrito en 300a Libro
Tema principal 1
Edición 1
Sistema de clasificación LOCAL
Clasificación E15N060
Existencias
Suprimido Perdido Sistema de clasificación Dañado No prestable Tipo de ítem específico Ubicación habitual Ubicación actual Localización Fecha de creación Forma de adquisición Costo Volúmen / Fascículo Signatura topográfica Código de barras Última vez visto Ejemplar Price effective from Tipo de ítem
    LOCAL     Libro archivo Archivo Histórico Archivo Histórico Archivo histórico 28/02/2013 Donación 0.00 V.1 E15N060 L002372 15/12/2012 Ej.1 03/02/2013 Libro